| 000 | 00756nam a22001697a 4500 | ||
|---|---|---|---|
| 999 |
_c57956 _d57956 |
||
| 003 | Ge_BSU | ||
| 005 | 20251031212551.0 | ||
| 008 | 210407s1994 ge ||||| |||| 00| 0 geo d | ||
| 041 | _ageo | ||
| 080 | _a657.15 ბ-98 | ||
| 245 |
_aბუღალტრული აღრიცხვის საერთაშორისო სტანდარტი. ბასს 25 : _bინვესტიციების ბუღალტრული აღრიცხვა. |
||
| 264 |
_aთბილისი, _c1994. |
||
| 300 |
_a28 გვ. _b21 სმ. |
||
| 653 | _aბუღალტრული აღრიცხვა | ||
| 653 | _aინვესტიციების ბუღაკტრული აღრიცხვა | ||
| 942 |
_2udc _cBK |
||